000 00452nmm a2200157Ia 4500
008 251105s9999||||xx |||||||||||||||||und||
020 _a9788468748061
041 _aspa
100 _aGarbera, Katherine
245 0 _aTomando las riendas
264 _a[Madrid, España] :
_bHarlequin,
_c[Fecha de publicación no identificada]
300 _a0 páginas
650 _aRomance
856 _uhttps://public.digitaliapublishing.com/a/92985
942 _cCF
999 _c84181
_d84181